[Event "9. Malaga Open"]
[Site "Campillos ESP"]
[Date "2006.02.25"]
[Round "1.1"]
[White "Romanishin, Oleg"]
[Black "Savory, Richard J"]
[Result "1-0"]
[WhiteElo "2552"]
[BlackElo "2106"]
[PlyCount "55"]
[EventDate "2006.02.25"]
[EventType "swiss"]
[EventRounds "9"]
[EventCountry "ESP"]
[Source "lmi"]
[SourceDate "2006.03.05"]

1. d4 d5 2. c4 e6 3. Nf3 Nf6 4. g3 dxc4 5. Bg2 c5 6. O-O Nc6 7. Ne5 Bd7 8. Nxc4
cxd4 9. Bf4 Nd5 10. Nd6+ Bxd6 11. Bxd6 Nde7 12. Nd2 O-O 13. Qb3 Re8 14. Qxb7
Qc8 15. Qb3 Nf5 16. Ne4 Rd8 17. Bf4 e5 18. Bg5 Rf8 19. Rac1 Rb8 20. Qa3 f6 21.
Bd2 Qd8 22. Nc5 Nfe7 23. b4 Bg4 24. Rfe1 Qd6 25. Qb3+ Kh8 26. h3 Bh5 27. b5 Bf7
28. Ne4 1-0

[Event "9. Malaga Open"]
[Site "Campillos ESP"]
[Date "2006.02.25"]
[Round "1.2"]
[White "Borrego Gil, Diego"]
[Black "Rotstein, Arkadij"]
[Result "0-1"]
[WhiteElo "2089"]
[BlackElo "2520"]
[PlyCount "62"]
[EventDate "2006.02.25"]
[EventType "swiss"]
[EventRounds "9"]
[EventCountry "ESP"]
[Source "lmi"]
[SourceDate "2006.03.05"]

1. Nf3 Nf6 2. d4 e6 3. c4 b6 4. Bg5 Bb7 5. e3 h6 6. Bh4 Bb4+ 7. Nc3 g5 8. Bg3
Ne4 9. Qc2 Bxc3+ 10. bxc3 d6 11. Bd3 f5 12. h3 Nd7 13. Bh2 Qe7 14. Rg1 O-O-O
15. Nd2 Nxd2 16. Qxd2 Nf6 17. f3 h5 18. O-O-O g4 19. d5 Kb8 20. e4 fxe4 21.
fxe4 e5 22. a3 Nd7 23. a4 Nc5 24. Bc2 Ba6 25. Qe2 Rdf8 26. Rdf1 Rf3 27. Rxf3
gxf3 28. Qxf3 Bxc4 29. g3 Qe8 30. Bb1 Rf8 31. Qg2 Qg6 0-1

[Event "9. Malaga Open"]
[Site "Campillos ESP"]
[Date "2006.02.25"]
[Round "1.3"]
[White "Perez Candelario, Manuel"]
[Black "Straub, Peter"]
[Result "1-0"]
[WhiteElo "2511"]
[BlackElo "2086"]
[PlyCount "35"]
[EventDate "2006.02.25"]
[EventType "swiss"]
[EventRounds "9"]
[EventCountry "ESP"]
[Source "lmi"]
[SourceDate "2006.03.05"]

1. e4 c5 2. Nf3 e6 3. d4 cxd4 4. Nxd4 a6 5. Bd3 Nc6 6. Nxc6 bxc6 7. O-O g6 8.
e5 Bg7 9. Qe2 Nh6 10. Nd2 O-O 11. Ne4 d5 12. Bg5 Qc7 13. Nf6+ Kh8 14. Qe3 Nf5
15. Qh3 h5 16. Rae1 Rb8 17. g4 Rxb2 18. gxh5 1-0

[Event "9. Malaga Open"]
[Site "Campillos ESP"]
[Date "2006.02.25"]
[Round "1.4"]
[White "Jimenez Ruiz, Jose Carlos"]
[Black "Matamoros Franco, Carlos"]
[Result "0-1"]
[WhiteElo "2083"]
[BlackElo "2510"]
[PlyCount "53"]
[EventDate "2006.02.25"]
[EventType "swiss"]
[EventRounds "9"]
[EventCountry "ESP"]
[Source "lmi"]
[SourceDate "2006.03.05"]

1. d4 Nf6 2. Nf3 c5 3. g3 cxd4 4. Nxd4 e5 5. Nb3 d5 6. Bg2 h6 7. O-O Nc6 8. Nc3
Be6 9. f4 exf4 10. Bxf4 Qb6+ 11. Kh1 Rd8 12. e4 d4 13. Nd5 Nxd5 14. exd5 Rxd5
15. Qe2 Be7 16. Bxd5 Bxd5+ 17. Kg1 a5 18. Rae1 O-O 19. Qh5 Rd8 20. Nd2 d3+ 21.
Be3 Bc5 22. Nc4 Bxe3+ 23. Nxe3 d2 24. Re2 Bc4 25. Kh1 Bxe2 26. Qxf7+ Kh8 27.
Nd5 0-1

[Event "9. Malaga Open"]
[Site "Campillos ESP"]
[Date "2006.02.25"]
[Round "1.5"]
[White "Rivas Pastor, Manuel"]
[Black "Garcia Gata, Jorge David"]
[Result "1-0"]
[WhiteElo "2502"]
[BlackElo "2081"]
[PlyCount "103"]
[EventDate "2006.02.25"]
[EventType "swiss"]
[EventRounds "9"]
[EventCountry "ESP"]
[Source "lmi"]
[SourceDate "2006.03.05"]

1. e4 c5 2. Nf3 d6 3. Nc3 Nf6 4. d4 cxd4 5. Nxd4 g6 6. Bb5+ Bd7 7. Qe2 Nc6 8.
Bxc6 bxc6 9. f4 Qb6 10. Nb3 Bg7 11. Be3 Qc7 12. Qa6 O-O 13. h3 Nh5 14. Qd3 d5
15. e5 Bf5 16. Qd2 Ng3 17. Rg1 Rfd8 18. O-O-O a5 19. Qf2 Ne4 20. Nxe4 dxe4 21.
Rxd8+ Qxd8 22. Rd1 Qc8 23. Nc5 a4 24. a3 h5 25. Rd4 f6 26. e6 Bxe6 27. Rxe4 Bf7
28. Qe2 Rb8 29. Rxe7 f5 30. c3 Qd8 31. Rd7 Qa5 32. Rxf7 Bxc3 33. Qc4 Bxb2+ 34.
Kc2 Qb5 35. Qxb5 cxb5 36. Rb7 Rxb7 37. Nxb7 Bxa3 38. Bc5 Bxc5 39. Nxc5 h4 40.
Kc3 Kf7 41. Kb4 g5 42. fxg5 Kg6 43. Ne6 Kh5 44. Nd4 Kxg5 45. Nf3+ Kh5 46. Ka3
f4 47. Kb4 Kh6 48. Nxh4 Kh5 49. Nf3 Kg6 50. Nd4 Kg5 51. Nxb5 Kh4 52. Nd4 1-0

[Event "9. Malaga Open"]
[Site "Campillos ESP"]
[Date "2006.02.25"]
[Round "1.6"]
[White "Lopez Quevedo, Angel Carlos"]
[Black "Cicak, Slavko"]
[Result "0-1"]
[WhiteElo "2050"]
[BlackElo "2500"]
[PlyCount "82"]
[EventDate "2006.02.25"]
[EventType "swiss"]
[EventRounds "9"]
[EventCountry "ESP"]
[Source "lmi"]
[SourceDate "2006.03.05"]

1. d4 g6 2. c4 Bg7 3. e4 Nc6 4. Be3 e5 5. d5 Nd4 6. Nc3 c5 7. Bd3 Nf6 8. f3 Nh5
9. Nge2 d6 10. Qd2 Bd7 11. Rb1 O-O 12. b4 b6 13. bxc5 bxc5 14. O-O f5 15. exf5
gxf5 16. f4 Qa5 17. fxe5 dxe5 18. Nc1 Rae8 19. Nb3 Qc7 20. Nb5 Bxb5 21. cxb5
Qd6 22. Rbc1 f4 23. Bxd4 cxd4 24. Rc6 Qd8 25. Nc5 Qh4 26. Rf3 Nf6 27. Rh3 Qg4
28. Ne4 h5 29. Nxf6+ Rxf6 30. Be4 h4 31. Ra3 f3 32. Rxf6 Bxf6 33. Bxf3 Qf5 34.
Rxa7 e4 35. Qe1 Bg5 36. Bd1 Rf8 37. h3 Be3+ 38. Kh2 Qf4+ 39. Kh1 Qf1+ 40. Qxf1
Rxf1+ 41. Kh2 Bg1+ 0-1

[Event "9. Malaga Open"]
[Site "Campillos ESP"]
[Date "2006.02.25"]
[Round "1.7"]
[White "Khamrakulov, Ibragim"]
[Black "Kirby, PJ."]
[Result "1-0"]
[WhiteElo "2499"]
[BlackElo "2047"]
[PlyCount "77"]
[EventDate "2006.02.25"]
[EventType "swiss"]
[EventRounds "9"]
[EventCountry "ESP"]
[Source "lmi"]
[SourceDate "2006.03.05"]

1. e4 c5 2. c3 Nf6 3. e5 Nd5 4. Nf3 e6 5. Bc4 d6 6. O-O Nc6 7. d4 dxe5 8. Nxe5
Nxe5 9. dxe5 Be7 10. Qg4 g6 11. Rd1 Bd7 12. Na3 a6 13. Be2 Qc7 14. Nc4 b5 15.
Nd6+ Bxd6 16. exd6 Qxd6 17. Bh6 Qe5 18. Bf3 Qh5 19. Qxh5 gxh5 20. Bxd5 exd5 21.
Rxd5 O-O-O 22. Rxc5+ Kb7 23. Rxh5 Rhg8 24. f3 Be6 25. Be3 Rge8 26. Rxh7 Bc4 27.
b3 Be6 28. Bd4 Rd5 29. Re1 b4 30. Re2 Ka8 31. Rh8 Rxh8 32. Bxh8 bxc3 33. Bxc3
Kb7 34. h4 Kc6 35. Kf2 Rd3 36. Bd2 Kb5 37. h5 Rd5 38. g4 Rd8 39. h6 1-0

[Event "9. Malaga Open"]
[Site "Campillos ESP"]
[Date "2006.02.25"]
[Round "1.8"]
[White "Kopischke, Maik"]
[Black "Mariano, Nelson"]
[Result "0-1"]
[WhiteElo "2007"]
[BlackElo "2474"]
[PlyCount "84"]
[EventDate "2006.02.25"]
[EventType "swiss"]
[EventRounds "9"]
[EventCountry "ESP"]
[Source "lmi"]
[SourceDate "2006.03.05"]

1. d4 Nf6 2. Nf3 g6 3. Bg5 Bg7 4. Nbd2 O-O 5. e3 d6 6. Be2 h6 7. Bxf6 Bxf6 8.
O-O Bg7 9. c3 e5 10. Qc2 Nd7 11. Rad1 Qe7 12. Rfe1 Nf6 13. dxe5 dxe5 14. e4 Nh5
15. Nc4 Nf4 16. Bf1 Bg4 17. Re3 Rad8 18. h3 Bc8 19. Kh2 Rxd1 20. Qxd1 Rd8 21.
Qc2 Qe6 22. b3 b5 23. Nb2 Qb6 24. Nd3 Ne6 25. g3 Qd6 26. Nb4 c6 27. Rd3 Qc5 28.
Rxd8+ Nxd8 29. Qd2 Ne6 30. Nd3 Qd6 31. Nb4 Qc7 32. Nd3 c5 33. Nb2 a6 34. c4 b4
35. Nd1 Bb7 36. Bd3 f5 37. Qe2 Qc6 38. Nd2 Nd4 39. Qe1 f4 40. f3 Qd7 41. g4
Nxf3+ 42. Nxf3 Qd6 0-1

[Event "9. Malaga Open"]
[Site "Campillos ESP"]
[Date "2006.02.25"]
[Round "1.9"]
[White "Tratar, Marko"]
[Black "Lovik, Lasse Ostebo"]
[Result "1-0"]
[WhiteElo "2466"]
[BlackElo "2003"]
[PlyCount "135"]
[EventDate "2006.02.25"]
[EventType "swiss"]
[EventRounds "9"]
[EventCountry "ESP"]
[Source "lmi"]
[SourceDate "2006.03.05"]

1. Nf3 Nf6 2. c4 e6 3. g3 b6 4. Bg2 Bb7 5. O-O c5 6. Nc3 Be7 7. Re1 d5 8. cxd5
exd5 9. d4 O-O 10. Bf4 Ne4 11. Rc1 Nd7 12. dxc5 Ndxc5 13. Be5 Rc8 14. Bh3 f5
15. a3 Nxc3 16. Rxc3 Bd6 17. Bxd6 Qxd6 18. Nd4 g6 19. e3 Ne4 20. Rxc8 Rxc8 21.
Qa4 a6 22. Bf1 b5 23. Qa5 Qc7 24. Qxc7 Rxc7 25. f3 Nd2 26. Kf2 Kf7 27. Bd3 Nc4
28. Re2 Ne5 29. Bc2 Kf6 30. Ke1 Re7 31. b3 Nc6 32. Nxc6 Bxc6 33. Kd2 d4 34. f4
dxe3+ 35. Rxe3 Rxe3 36. Kxe3 Ke6 37. Kd4 Kd6 38. b4 Bf3 39. Bb3 h6 40. h4 Bc6
41. Bc2 Bd5 42. h5 Bf7 43. hxg6 Bxg6 44. Bd3 h5 45. Bc2 Bh7 46. Bb3 Bg6 47. Bg8
Be8 48. Bh7 Bd7 49. Bg6 Be6 50. Bxh5 Bd7 51. Bf3 Bc8 52. Bd1 Be6 53. a4 bxa4
54. Bxa4 Bc8 55. Bb3 Bd7 56. Bc2 Be6 57. Bd3 Bc8 58. Be2 Bb7 59. Bf1 Bc8 60.
Bd3 Be6 61. Bxa6 Bd5 62. Bd3 Be6 63. b5 Bc8 64. b6 Kc6 65. Ke5 Kxb6 66. Bxf5
Ba6 67. Kd6 Bc4 68. g4 1-0

[Event "9. Malaga Open"]
[Site "Campillos ESP"]
[Date "2006.02.25"]
[Round "1.10"]
[White "Pedraza Fernandez, Miguel Angel"]
[Black "Colovic, Aleksandar"]
[Result "0-1"]
[WhiteElo "1993"]
[BlackElo "2459"]
[PlyCount "90"]
[EventDate "2006.02.25"]
[EventType "swiss"]
[EventRounds "9"]
[EventCountry "ESP"]
[Source "lmi"]
[SourceDate "2006.03.05"]

1. Nf3 Nf6 2. d4 d5 3. e3 c5 4. b3 Nc6 5. Bd3 Bg4 6. Bb2 Qa5+ 7. Nbd2 Rc8 8. a3
cxd4 9. exd4 e6 10. O-O Be7 11. c4 dxc4 12. Nxc4 Qd5 13. Be2 Bh5 14. Nce5 O-O
15. Nxc6 bxc6 16. b4 a5 17. bxa5 Qxa5 18. Ne5 Bxe2 19. Qxe2 Qb5 20. Qxb5 cxb5
21. Rfc1 Nd5 22. a4 Rxc1+ 23. Bxc1 Ra8 24. a5 Bb4 25. Nc6 Bc3 26. Ra3 b4 27.
Rb3 Ra6 28. Ne5 Rxa5 29. Rb1 Bxd4 30. Nc6 Ra1 31. Rxa1 Bxa1 32. Na5 Bd4 33. Kf1
Bb6 34. Nb3 Kf8 35. f3 Ne3+ 36. Kf2 Nc2+ 37. Ke2 Nd4+ 38. Nxd4 Bxd4 39. Kd3 Be5
40. f4 Bd6 41. Kc4 Ke7 42. g3 Kf6 43. g4 Kg6 44. h4 h5 45. gxh5+ Kxh5 0-1

[Event "9. Malaga Open"]
[Site "Campillos ESP"]
[Date "2006.02.25"]
[Round "1.11"]
[White "Gonzales, Jayson"]
[Black "Blanco Villalba, Jose Francisco"]
[Result "1-0"]
[WhiteElo "2452"]
[BlackElo "1973"]
[PlyCount "73"]
[EventDate "2006.02.25"]
[EventType "swiss"]
[EventRounds "9"]
[EventCountry "ESP"]
[Source "lmi"]
[SourceDate "2006.03.05"]

1. d4 e6 2. c4 d5 3. Nf3 Nf6 4. Bg5 Be7 5. Nc3 h6 6. Bh4 O-O 7. e3 Ne4 8. Bxe7
Qxe7 9. Qc2 Nxc3 10. Qxc3 c6 11. Bd3 Nd7 12. O-O Re8 13. e4 dxc4 14. Bxc4 e5
15. d5 cxd5 16. exd5 Qd6 17. Rfe1 a6 18. Rac1 e4 19. Bb3 Nf6 20. Nd2 Bf5 21.
Nc4 Qf4 22. Qe3 Nxd5 23. Qxf4 Nxf4 24. Nd6 Rf8 25. Nxf5 Nd3 26. Nd6 Nxe1 27.
Rxe1 b5 28. Rxe4 Rad8 29. Nf5 Rfe8 30. Rxe8+ Rxe8 31. Bxf7+ Kxf7 32. Nd6+ Ke7
33. Nxe8 Kxe8 34. f4 Kf7 35. Kf2 Kg6 36. g4 a5 37. Ke3 1-0

[Event "9. Malaga Open"]
[Site "Campillos ESP"]
[Date "2006.02.25"]
[Round "1.12"]
[White "Gil Rodriguez, Isabel"]
[Black "Teran Alvarez, Ismael"]
[Result "0-1"]
[WhiteElo "1963"]
[BlackElo "2446"]
[PlyCount "108"]
[EventDate "2006.02.25"]
[EventType "swiss"]
[EventRounds "9"]
[EventCountry "ESP"]
[Source "lmi"]
[SourceDate "2006.03.05"]

1. c4 Nf6 2. Nc3 e5 3. d3 Bc5 4. g3 O-O 5. Bg2 Re8 6. e3 c6 7. Nge2 Bf8 8. O-O
d5 9. cxd5 cxd5 10. Qb3 d4 11. Ne4 Nxe4 12. Bxe4 Na6 13. Bd5 Be6 14. Bxe6 Rxe6
15. Qxb7 Nc5 16. Qb5 Rb8 17. Qc4 dxe3 18. Bxe3 Qxd3 19. Qxd3 Nxd3 20. b3 a5 21.
Rfd1 Nb4 22. Rd2 f5 23. Rad1 Be7 24. Nc3 e4 25. Nd5 Bf8 26. Nxb4 axb4 27. Rd5
g6 28. Bc5 Bxc5 29. Rxc5 Re7 30. Rdd5 Kg7 31. Kf1 Ra8 32. Ra5 Rea7 33. Rxa7+
Rxa7 34. Rb5 Rxa2 35. Rxb4 g5 36. Rb6 Rb2 37. b4 Kf7 38. h3 f4 39. gxf4 gxf4
40. h4 h5 41. Rb5 Kf6 42. Rxh5 Rxb4 43. Ra5 Rb1+ 44. Kg2 Rb2 45. Kf1 Rb1+ 46.
Kg2 Rb8 47. Rc5 Rh8 48. Kh3 Re8 49. Ra5 Rg8 50. Ra4 Ke5 51. Ra5+ Kd4 52. Rf5 f3
53. Rg5 Rxg5 54. hxg5 e3 0-1

[Event "9. Malaga Open"]
[Site "Campillos ESP"]
[Date "2006.02.25"]
[Round "1.13"]
[White "Saldaño, Horacio"]
[Black "Tofte, Sondre Waage"]
[Result "1-0"]
[WhiteElo "2436"]
[BlackElo "1963"]
[PlyCount "63"]
[EventDate "2006.02.25"]
[EventType "swiss"]
[EventRounds "9"]
[EventCountry "ESP"]
[Source "lmi"]
[SourceDate "2006.03.05"]

1. e4 e5 2. Nf3 Nc6 3. Bb5 a6 4. Ba4 d6 5. c3 Nf6 6. d4 b5 7. Bb3 Bg4 8. O-O
Be7 9. d5 Na5 10. Bc2 O-O 11. h3 Bh5 12. Nbd2 Re8 13. a4 Qd7 14. Qe2 Reb8 15.
b4 Nb7 16. axb5 axb5 17. Bb2 c5 18. dxc6 Qxc6 19. Bd3 Nd8 20. Bxb5 Qb7 21. Bc4
Bg6 22. Rxa8 Rxa8 23. Re1 Ne6 24. Bxe6 fxe6 25. Qc4 d5 26. Qb3 Nxe4 27. Nxe4
Bxe4 28. Rxe4 dxe4 29. Qxe6+ Kh8 30. Nxe5 g6 31. c4 Kg7 32. Nxg6+ 1-0

[Event "9. Malaga Open"]
[Site "Campillos ESP"]
[Date "2006.02.25"]
[Round "1.14"]
[White "Almagro Guardia, Elena"]
[Black "Bellon Lopez, Juan Manuel"]
[Result "0-1"]
[WhiteElo "1958"]
[BlackElo "2415"]
[PlyCount "60"]
[EventDate "2006.02.25"]
[EventType "swiss"]
[EventRounds "9"]
[EventCountry "ESP"]
[Source "lmi"]
[SourceDate "2006.03.05"]

1. e4 c5 2. d3 g6 3. g3 Bg7 4. Bg2 d6 5. Nf3 Nc6 6. O-O e5 7. c3 Nge7 8. Be3
O-O 9. Nh4 f5 10. f4 exf4 11. Bxf4 Bf6 12. Nf3 Qb6 13. Qc2 c4+ 14. d4 fxe4 15.
Ng5 d5 16. Nd2 Bf5 17. Qc1 Ne5 18. Bxe5 Bxe5 19. Kh1 Bg7 20. Nh3 Bg4 21. Nf4
Bh6 22. Qc2 Bxf4 23. Rxf4 Rxf4 24. gxf4 Rf8 25. Rf1 Be2 26. Re1 Bd3 27. Qc1 Qd6
28. Nf1 Rxf4 29. Qe3 Nf5 30. Qd2 Rh4 0-1

[Event "9. Malaga Open"]
[Site "Campillos ESP"]
[Date "2006.02.25"]
[Round "1.15"]
[White "Hennigan, Michael"]
[Black "Ladron de Guevara Pinto, Fermin Gabriel"]
[Result "1-0"]
[WhiteElo "2400"]
[BlackElo "1954"]
[PlyCount "87"]
[EventDate "2006.02.25"]
[EventType "swiss"]
[EventRounds "9"]
[EventCountry "ESP"]
[Source "lmi"]
[SourceDate "2006.03.05"]

1. g3 Nf6 2. Bg2 g6 3. e4 d6 4. d4 Bg7 5. Nc3 O-O 6. Nge2 Nbd7 7. h3 e5 8. O-O
c6 9. dxe5 dxe5 10. Be3 Qc7 11. a4 a5 12. f4 Rd8 13. Qe1 Nf8 14. Qf2 Qe7 15. f5
h6 16. g4 g5 17. Bf3 N8h7 18. Kg2 Bd7 19. Nc1 Bf8 20. Nb3 Rdc8 21. Bb6 c5 22.
Nxa5 Ra6 23. Nc4 Bc6 24. a5 Rca8 25. Ne3 Rc8 26. Qe2 Qe8 27. Rfd1 Kg7 28. Kh2
Qe7 29. b3 Qe8 30. Qg2 Be7 31. Be2 Raa8 32. Bc4 Nf8 33. Bd5 N8h7 34. Qg3 Bf8
35. Bxc6 Rxc6 36. Nc4 Ra6 37. Rd8 Qe7 38. Rad1 h5 39. Kg2 h4 40. Qxe5 Kh6 41.
Qxe7 Bxe7 42. Rb8 Kg7 43. Rxb7 Bf8 44. Ne5 1-0

[Event "9. Malaga Open"]
[Site "Campillos ESP"]
[Date "2006.02.26"]
[Round "2.1"]
[White "Ivanov, Jordan"]
[Black "Romanishin, Oleg"]
[Result "0-1"]
[WhiteElo "2348"]
[BlackElo "2552"]
[PlyCount "78"]
[EventDate "2006.02.25"]
[EventType "swiss"]
[EventRounds "9"]
[EventCountry "ESP"]
[Source "lmi"]
[SourceDate "2006.03.05"]

1. d4 Nf6 2. c4 e6 3. Nc3 Bb4 4. e3 b6 5. Bd3 Bb7 6. Nf3 O-O 7. O-O Bxc3 8.
bxc3 c5 9. Nd2 d5 10. Nb3 Nbd7 11. cxd5 exd5 12. dxc5 bxc5 13. c4 Qc7 14. Ba3
dxc4 15. Bxc4 Ne5 16. Qe2 Nfg4 17. f4 Nxc4 18. Qxc4 Bxg2 19. Rfe1 Qc6 20. Bxc5
Be4 21. Nd2 Bd5 22. Qc2 f5 23. Nf1 Rf6 24. Rac1 Nxh2 25. Qxh2 Rh6 26. Qg3 Rg6
27. Bd4 Rxg3+ 28. Nxg3 Qg6 29. Kf2 Qh6 30. Rg1 Qh2+ 31. Kf1 Qxa2 32. Ne2 g6 33.
Rc7 Bc4 34. Rg2 Rb8 35. Kg1 Bxe2 36. Kh2 Rb1 37. Rg7+ Kf8 38. Rxa7 Qc2 39. Rxh7
Rh1+ 0-1

[Event "9. Malaga Open"]
[Site "Campillos ESP"]
[Date "2006.02.26"]
[Round "2.2"]
[White "Rotstein, Arkadij"]
[Black "Aguettaz, Maxime"]
[Result "1/2-1/2"]
[WhiteElo "2520"]
[BlackElo "2338"]
[PlyCount "44"]
[EventDate "2006.02.25"]
[EventType "swiss"]
[EventRounds "9"]
[EventCountry "ESP"]
[Source "lmi"]
[SourceDate "2006.03.05"]

1. c4 Nf6 2. Nf3 g6 3. g3 Bg7 4. Bg2 O-O 5. O-O d6 6. Nc3 Nbd7 7. d4 e5 8. Qc2
c6 9. Rd1 Re8 10. e4 exd4 11. Nxd4 Ne5 12. b3 Bg4 13. Rf1 c5 14. Nde2 Nf3+ 15.
Kh1 Nxe4 16. Bb2 Nxc3 17. Nxc3 Nd4 18. Qd2 Qd7 19. Qf4 Ne2 20. Qd2 Nd4 21. Qf4
Ne2 22. Qd2 Nd4 1/2-1/2

[Event "9. Malaga Open"]
[Site "Campillos ESP"]
[Date "2006.02.26"]
[Round "2.3"]
[White "Madina, Martin"]
[Black "Perez Candelario, Manuel"]
[Result "1/2-1/2"]
[WhiteElo "2340"]
[BlackElo "2511"]
[PlyCount "94"]
[EventDate "2006.02.25"]
[EventType "swiss"]
[EventRounds "9"]
[EventCountry "ESP"]
[Source "lmi"]
[SourceDate "2006.03.05"]

1. d4 d5 2. Bf4 c6 3. c3 Nf6 4. e3 Qb6 5. Qb3 Nh5 6. Qxb6 axb6 7. Bxb8 Rxb8 8.
Bd3 g6 9. Nd2 Bf5 10. Bxf5 gxf5 11. Ne2 e6 12. O-O Bd6 13. Rfd1 Rg8 14. Kf1 Nf6
15. g3 Ke7 16. Rac1 b5 17. a3 Nd7 18. f3 Nb6 19. Kf2 f6 20. Re1 Kf7 21. e4 fxe4
22. fxe4 Rg4 23. Ng1 Bf8 24. exd5 cxd5 25. Re2 Re8 26. Ngf3 Bd6 27. Rce1 Re7
28. Nf1 Nc4 29. Ne3 Rg8 30. Nxc4 bxc4 31. Nh4 h5 32. Kg2 Ree8 33. Rf1 Rg4 34.
Rfe1 Re7 35. Rf1 f5 36. Nf3 Kf6 37. Kf2 Reg7 38. Rfe1 Re4 39. Nd2 Rxe2+ 40.
Rxe2 f4 41. gxf4 Bxf4 42. Nf3 Kf5 43. Kf1 Rg4 44. Ne5 Rg7 45. Nf3 Rg4 46. Ne5
Rg7 47. Nf3 Rg4 1/2-1/2

[Event "9. Malaga Open"]
[Site "Campillos ESP"]
[Date "2006.02.26"]
[Round "2.4"]
[White "Matamoros Franco, Carlos"]
[Black "Sanchez Aller, Fernando"]
[Result "1-0"]
[WhiteElo "2510"]
[BlackElo "2278"]
[PlyCount "58"]
[EventDate "2006.02.25"]
[EventType "swiss"]
[EventRounds "9"]
[EventCountry "ESP"]
[Source "lmi"]
[SourceDate "2006.03.05"]

1. c4 Nf6 2. g3 c6 3. Bg2 d5 4. Nf3 e6 5. O-O Nbd7 6. d4 b6 7. Nc3 Bb7 8. b3
Be7 9. Bb2 O-O 10. e3 Ba6 11. Re1 dxc4 12. bxc4 Bxc4 13. Nd2 b5 14. Bxc6 Rc8
15. Bxb5 Bxb5 16. Nxb5 Rb8 17. Qa4 Qb6 18. Ba3 a6 19. Bxe7 axb5 20. Qb3 Rfe8
21. Bxf6 Nxf6 22. Rec1 h5 23. h4 e5 24. dxe5 Rxe5 25. Nf3 Rf5 26. Nd4 Rd5 27.
Rc6 Qd8 28. Rxf6 gxf6 29. Nc6 Rd1+ 1-0

[Event "9. Malaga Open"]
[Site "Campillos ESP"]
[Date "2006.02.26"]
[Round "2.6"]
[White "Cicak, Slavko"]
[Black "Cruz Alvarez de Ron, Dan"]
[Result "1-0"]
[WhiteElo "2500"]
[BlackElo "2244"]
[PlyCount "59"]
[EventDate "2006.02.25"]
[EventType "swiss"]
[EventRounds "9"]
[EventCountry "ESP"]
[Source "lmi"]
[SourceDate "2006.03.05"]

1. e4 g6 2. d4 Bg7 3. Nc3 d6 4. Nge2 a6 5. a4 b6 6. h3 e6 7. Be3 Ne7 8. Qd2 h6
9. g4 Nd7 10. Bg2 Bb7 11. O-O Qc8 12. Ng3 e5 13. dxe5 Nxe5 14. b3 Qd7 15. Nd5
Nxd5 16. exd5 O-O-O 17. a5 b5 18. f4 Nxg4 19. hxg4 Qxg4 20. Kh2 Kb8 21. Bf2 g5
22. Qe3 Qh4+ 23. Kg1 gxf4 24. Qa7+ Kc8 25. Nf5 Qg5 26. Kh2 Bxd5 27. Bh3 Be6 28.
Qxa6+ Kd7 29. Qxb5+ Kc8 30. Bh4 1-0

[Event "9. Malaga Open"]
[Site "Campillos ESP"]
[Date "2006.02.26"]
[Round "2.8"]
[White "Mariano, Nelson"]
[Black "Breivik, Lars"]
[Result "1/2-1/2"]
[WhiteElo "2474"]
[BlackElo "2231"]
[PlyCount "79"]
[EventDate "2006.02.25"]
[EventType "swiss"]
[EventRounds "9"]
[EventCountry "ESP"]
[Source "lmi"]
[SourceDate "2006.03.05"]

1. e4 c5 2. Nf3 Nc6 3. Bb5 g6 4. Bxc6 dxc6 5. d3 Bg7 6. Nc3 e5 7. Be3 Qe7 8.
Qd2 Bg4 9. Ng1 c4 10. h3 Be6 11. O-O-O Rd8 12. Qe2 b5 13. Nf3 f6 14. Kb1 cxd3
15. cxd3 Nh6 16. d4 O-O 17. dxe5 fxe5 18. Rxd8 Qxd8 19. Rd1 Qc7 20. Qc2 Qc8 21.
Bxa7 Bxh3 22. gxh3 Rxf3 23. Nxb5 Qa6 24. Rd8+ Rf8 25. Nc7 Qxa7 26. Rxf8+ Bxf8
27. Qxc6 Qxf2 28. a4 Nf7 29. Ka2 Qd2 30. Nd5 Qa5 31. Qe8 Qc5 32. Nf6+ Kg7 33.
Qe6 Ng5 34. Ne8+ Kh6 35. Qd5 Qa7 36. Nf6 Qxa4+ 37. Kb1 Kg7 38. Qxe5 Qd1+ 39.
Ka2 Qa4+ 40. Kb1 1/2-1/2

[Event "9. Malaga Open"]
[Site "Campillos ESP"]
[Date "2006.02.26"]
[Round "2.9"]
[White "Jaime Montalvan, Luis Felipe"]
[Black "Tratar, Marko"]
[Result "0-1"]
[WhiteElo "2242"]
[BlackElo "2466"]
[PlyCount "100"]
[EventDate "2006.02.25"]
[EventType "swiss"]
[EventRounds "9"]
[EventCountry "ESP"]
[Source "lmi"]
[SourceDate "2006.03.05"]

1. d4 d6 2. c4 e5 3. e3 Nf6 4. Nc3 Nbd7 5. Nf3 g6 6. Be2 Bg7 7. O-O O-O 8. Qc2
Re8 9. b4 e4 10. Nd2 Qe7 11. a4 h5 12. b5 Nf8 13. Re1 c6 14. bxc6 bxc6 15. a5
N8h7 16. Ba3 Ng5 17. Rab1 h4 18. Qa4 Bd7 19. c5 d5 20. Rb7 Qe6 21. Reb1 Rec8
22. a6 Qe8 23. Bb4 h3 24. g3 Bg4 25. Bf1 Qe6 26. Ba5 Ne8 27. R1b4 f5 28. Ne2
Bxe2 29. Bxe2 Bh6 30. Qb3 Nf6 31. Rb8 Nd7 32. Rxc8+ Rxc8 33. Rb7 Ra8 34. Bc7
Bf8 35. Bb8 Nf7 36. Bxa7 Nd8 37. Rc7 Qe8 38. Bb6 Ne6 39. Rxc6 Nb8 40. Rc8 Qxc8
41. Qxd5 Nxa6 42. Bc4 Kf7 43. Qe5 Bg7 44. Qd6 Nb4 45. d5 Ra1+ 46. Nf1 Ng5 47.
Bd8 Nf3+ 48. Kh1 Nd3 49. Qe7+ Kg8 50. d6+ Kh7 0-1

[Event "9. Malaga Open"]
[Site "Campillos ESP"]
[Date "2006.02.26"]
[Round "2.10"]
[White "Colovic, Aleksandar"]
[Black "Lopez Gonzalez, Daniel"]
[Result "0-1"]
[WhiteElo "2459"]
[BlackElo "2230"]
[PlyCount "68"]
[EventDate "2006.02.25"]
[EventType "swiss"]
[EventRounds "9"]
[EventCountry "ESP"]
[Source "lmi"]
[SourceDate "2006.03.05"]

1. e4 e5 2. Nf3 Nc6 3. Bb5 a6 4. Ba4 d6 5. c3 Bd7 6. d4 g6 7. O-O Bg7 8. Re1
Nge7 9. Be3 O-O 10. h3 Qe8 11. Bb3 h6 12. Nbd2 Kh7 13. dxe5 dxe5 14. Nc4 b5 15.
Ncd2 Na5 16. Bc2 Be6 17. b4 Nc4 18. Nxc4 Bxc4 19. Nd2 Rd8 20. Qb1 f5 21. exf5
gxf5 22. Nxc4 bxc4 23. Bc5 Kh8 24. f3 e4 25. fxe4 f4 26. e5 f3 27. Qc1 Rd5 28.
Rf1 Rxe5 29. g4 Re2 30. Rf2 Nd5 31. Bd4 Qe6 32. Qd1 Nf4 33. Bxg7+ Kxg7 34. Qd4+
Kg8 0-1

[Event "9. Malaga Open"]
[Site "Campillos ESP"]
[Date "2006.02.26"]
[Round "2.11"]
[White "Terron Elena, Francisco Miguel"]
[Black "Gonzales, Jayson"]
[Result "1/2-1/2"]
[WhiteElo "2230"]
[BlackElo "2452"]
[PlyCount "25"]
[EventDate "2006.02.25"]
[EventType "swiss"]
[EventRounds "9"]
[EventCountry "ESP"]
[Source "lmi"]
[SourceDate "2006.03.05"]

1. d4 Nc6 2. e4 e5 3. Nf3 exd4 4. Bc4 Nf6 5. e5 d5 6. Bb5 Ne4 7. Nxd4 Bd7 8.
Bxc6 bxc6 9. O-O Bc5 10. f3 Ng5 11. f4 Ne4 12. Be3 O-O 13. Nd2 1/2-1/2

[Event "9. Malaga Open"]
[Site "Campillos ESP"]
[Date "2006.02.26"]
[Round "2.12"]
[White "Teran Alvarez, Ismael"]
[Black "Nava Baro, Enrique"]
[Result "1-0"]
[WhiteElo "2446"]
[BlackElo "2217"]
[PlyCount "69"]
[EventDate "2006.02.25"]
[EventType "swiss"]
[EventRounds "9"]
[EventCountry "ESP"]
[Source "lmi"]
[SourceDate "2006.03.05"]

1. c4 e6 2. g3 d5 3. Bg2 Nf6 4. Nf3 Be7 5. b3 O-O 6. Bb2 c5 7. O-O Nc6 8. e3 b6
9. Qe2 Re8 10. Rd1 Qc7 11. Nc3 Ba6 12. d4 Rad8 13. Rac1 dxc4 14. bxc4 Bf8 15.
Nb5 Qb8 16. Ne5 Na5 17. Bc3 cxd4 18. exd4 Rc8 19. Bxa5 Bxb5 20. cxb5 Rxc1 21.
Rxc1 bxa5 22. Nc6 Qb6 23. a4 Bd6 24. Qe1 Bc7 25. Qc3 h6 26. Qc5 Kh8 27. Nxa7
Bd8 28. Nc6 Bc7 29. Na7 Bd8 30. Nc8 Qb8 31. b6 Nd5 32. Qc6 Rf8 33. Bxd5 exd5
34. b7 Bf6 35. Qc7 1-0